Bharat keerastriya ekta aur akhandta (Record no. 440027)

000 -LEADER
fixed length control field 00275cam a22000977a 4500
008 - FIXED-LENGTH DATA ELEMENTS--GENERAL INFORMATION
fixed length control field 180718b2000 xxu||||| |||| 00| 0 eng d
100 ## - MAIN ENTRY--PERSONAL NAME
Personal name Tarun, Harivans
245 ## - TITLE STATEMENT
Title Bharat keerastriya ekta aur akhandta
Statement of responsibility, etc. by Harivans Tarun
260 ## - PUBLICATION, DISTRIBUTION, ETC.
Place of publication, distribution, etc. Delhi
Name of publisher, distributor, etc. Granth Lok
Date of publication, distribution, etc. 2000
300 ## - PHYSICAL DESCRIPTION
Extent 239p.
Holdings
Withdrawn status Lost status Damaged status Not for loan Permanent Location Current Location Date acquired Barcode Date last seen Price effective from Koha item type
        Indian Institute of Public Administration Indian Institute of Public Administration 2010-05-07 74664 2018-07-21 2018-07-21 Book

Powered by Koha